Online
Catalog
Normal view MARC view

Entry Nombre corporativo

Number of records used in: 5

001 - NÚMERO DE CONTROL

  • campo de control: 71583

003 - IDENTIFICADOR DEL NÚMERO DE CONTROL

  • campo de control: OSt

005 - FECHA Y HORA DE LA ÚLTIMA TRANSACCIÓN

  • campo de control: 20200615040016.0

008 - DATOS DE LONGITUD FIJA

  • campo de control de longitud fija: 200615|| aca||aabn | a|a d

040 ## - FUENTE DE LA CATALOGACIÓN

  • Centro catalogador/agencia de origen: OSt
  • Centro/agencia transcriptor: OSt

110 ## - ENCABEZAMIENTO-NOMBRE DE ENTIDAD CORPORATIVA

  • Nombre de entidad corporativa o nombre de jurisdicción como elemento de entrada: Facultad Latinoamericana de Ciencias Sociales (República Dominicana)

670 ## - FUENTE DE DATOS ENCONTRADOS

  • Cita de la fuente: Work cat.: (OSt)43239: República Dominicana. Facultad Latinoamericana de Ciencias Sociales 71582, Balance del plan decenal de educación 2008-2018 :, 2014.

Powered by Koha